MARC

LEADER 00000nam0a2200000 4500
001 324314
005 20231102003645.0
035 |a (RuTPU)RU\TPU\book\349912 
090 |a 324314 
100 |a 20161112d1947 km y0rusy50 ca 
101 0 |a rus 
102 |a RU 
105 |a y z 000zy 
200 1 |a Геология и полезные ископаемые Новосибирской области  |f В. П. Казаринов  |g Академия наук СССР (АН СССР) ; Географическое общество Союза ССР ; под ред. В. В. Ревердатто, Г. В. Малкина 
210 |a Новосибирск  |c Изд-во АН СССР  |d 1947 
215 |a 13 с.  |c ил.  |e Прилож.: 1 л. карт. 
606 1 |a Геология  |y Западная Сибирь  |2 stltpush  |3 (RuTPU)RU\TPU\subj\70290  |9 84644 
610 1 |a Новосибирская область 
610 1 |a сырьевая база 
610 1 |a кварцевые пески 
610 1 |a известняк 
610 1 |a глинистые сланцы 
610 1 |a каолинит 
610 1 |a бокситы 
675 |a 55(571.1)  |v 4 
700 1 |a Казаринов  |b В. П. 
702 1 |a Ревердатто  |b В. В.  |4 340 
702 1 |a Малкин  |b Г. В.  |4 340 
712 0 2 |a Академия наук СССР (АН СССР)  |c (Ленинград/Москва)  |c (1925-1991)  |2 stltpush  |3 (RuTPU)RU\TPU\col\722 
712 0 2 |a Географическое общество Союза ССР  |c (1938-1992)  |2 stltpush  |3 (RuTPU)RU\TPU\col\8461  |9 24529 
801 1 |a RU  |b 63413507  |c 20161112 
801 2 |a RU  |b 63413507  |c 20191220  |g RCR 
942 |c BK